000 00566nam a2200229Ia 4500
003 OSt
005 20221005131229.0
006 a|||||r|||| 00| 0
007 ta
008 221004b |||||||| |||| 00| 0 eng d
024 _a56083
037 _cTextual
040 _aCRL
_cCRL
_beng
041 _2eng
_aeng
082 _aV2:1:K1, J7
100 _aSrivastava A L
245 0 _aShort history of Akbar the great 1542-1605
260 _c1957
650 _aHISTORY
942 _hV2:1:K1, J7
_cTEXL
_2cc
999 _c1059709
_d1059709